书目信息 |
| 题名: |
建筑构造与识图
|
|
| 作者: | 宿翠霞 , 张玮 , 魏琳 主编 | |
| 分册: | ||
| 出版信息: | 郑州 黄河水利出版社 2021.12 |
|
| 页数: | 213页 | |
| 开本: | 26cm | |
| 丛书名: | ||
| 单 册: | ||
| 中图分类: | TU22 , TU22 | |
| 科图分类: | ||
| 主题词: | 建筑构造--jian zhu gou zao--高等职业教育--教材 , 建筑制图--jian zhu zhi tu--识图--高等职业教育--教材 | |
| 电子资源: | ||
| ISBN: | 978-7-5509-3182-4 | |
| 000 | 01018nam0 2200277 450 | |
| 001 | 011025153543 | |
| 005 | 20221025153543.0 | |
| 010 | @a978-7-5509-3182-4@dCNY45.00 | |
| 100 | @a20201004d2021 em y0chiy0120 ea | |
| 101 | 0 | @achi |
| 102 | @aCN@b410000 | |
| 105 | @aa z 000yy | |
| 106 | @ar | |
| 200 | 1 | @a建筑构造与识图@Ajian zhu gou zao yu shi tu@f宿翠霞, 张玮, 魏琳主编 |
| 210 | @a郑州@c黄河水利出版社@d2021.12 | |
| 215 | @a213页@c图@d26cm | |
| 300 | @a全国高职高专建筑类专业规划教材“互联网+”创新型教材 | |
| 330 | @a本书共分为两篇,第一篇建筑构造,包括民用建筑概述、基础与地下室、墙体、楼地面、楼梯、屋顶、门与窗、变形缝;第二篇建筑识图,包括建筑施工图识图和结构施工图识图。 | |
| 606 | 0 | @a建筑构造@Ajian zhu gou zao@x高等职业教育@j教材 |
| 606 | 0 | @a建筑制图@Ajian zhu zhi tu@x识图@x高等职业教育@j教材 |
| 690 | @aTU22@v5 | |
| 690 | @aTU22@v5 | |
| 701 | 0 | @a宿翠霞@Asu cui xia@4主编 |
| 701 | 0 | @a张玮@Azhang wei@4主编 |
| 701 | 0 | @a魏琳@Awei lin@4主编 |
| 905 | @a河南城建学院图书馆@dTU22@eS8742 | |
| 建筑构造与识图/宿翠霞, 张玮, 魏琳主编.-郑州:黄河水利出版社,2021.12 |
| 213页:图;26cm |
| 全国高职高专建筑类专业规划教材“互联网+”创新型教材 |
| ISBN 978-7-5509-3182-4:CNY45.00 |
| 本书共分为两篇,第一篇建筑构造,包括民用建筑概述、基础与地下室、墙体、楼地面、楼梯、屋顶、门与窗、变形缝;第二篇建筑识图,包括建筑施工图识图和结构施工图识图。 |
| ● |
| 相关链接 |
|
|
|
正题名:建筑构造与识图
索取号:TU22/S8742
 
预约/预借
| 序号 | 登录号 | 条形码 | 馆藏地/架位号 | 状态 | 备注 |
| 1 | 1588431 | 215884318 | 建筑库101/101建筑库 46排1列2层/ [索取号:TU22/S8742] | 在馆 | |
| 2 | 1588432 | 215884327 | 建筑库101/101建筑库 46排1列2层/ [索取号:TU22/S8742] | 在馆 |